1112 1459 1625 1267 1113 1153 1463 1510 1740 1174 1960 1882 1257 1073 1749 1825 1648 1223 1137 1693 1008 1836 1478 1587 1365 1189 1348 1698 1024 1098 1878 1635 1206 1797 1348 1594 1336 1827 1776 1031 1175 1466 1293 1129 1935 1090 1150 1337 1583 1700 1624 1287 1724 1774 1528 1640 1027 1227 1269 1637 1583 1016 1453 1090 1487 1967 1083 1071 1367 1307 1651 1598 1053 1999 1181 1527 1363 1499 1897 1851 1378 1495 1070 1269 1411 1332 1523 1741 1756 1900 1374 1703 1971 1553 1790 1251 1221 1630 1312 BCNSPRNW ULIB Ver.6.0+V

เปลี่ยนเป็นภาษาไทย

Change to English
 แสดงรายละเอียดบรรณานุกรม
  กลับหน้าหลัก

Brief Record : Get Marc (ISO 2709) : E-mail record : QR code < ปิดหน้าต่าง
LEADER : 00000nam 2200000uu 4500
001    13399126036
003     ULIB
008    180507s2559||||th 000 0 tha d
020    ^a9786162712968
060 04 ^aWS100^bป361ก ล.2
245 00 ^aกุมารเวชศาสตร์ เล่ม 2=^bPediatrics /^cบรรณาธิการ,ประยงค์ เวชวนิชสนอง และ วนพร อนันตเสรี
246 31 ^aPediatrics
250    ^aพิมพ์ครั้งที่ 3.
260    ^aสงขลา :^bภาควิชากุมารเวชศาสตร์ คณะแพทยศาสตร์ มหาวิทยาลัยสงขลานครินทร์^c2559.
300    ^aเล่ม 1 :^bภาพประกอบ ;^c27 ซม.
650  4 ^aกุมารเวชศาสตร์
650  4 ^aเด็ก, โรค^xการรักษา
700 0  ^aประยงค์ เวชวนิชสนอง,^eบรรณาธิการ
700 0  ^aวนพร อนันตเสรี,^eบรรณาธิการ
710 2  ^aมหาวิทยาลัยสงขลานครินทร์. ^bคณะแพทยศาสตร์.^bภาควิชากุมารเวชศาสตร์.
945    ^p580^l0^i25788
945    ^p580^l0^i25789
945    ^p580^l0^i25790
945    ^p580^l0^i25791
945    ^p580^l0^i25792
999    ^aกัณชพร
รายการนี้ยังไม่มีแท็ก
คุณยังไม่ได้ล็อกอิน คุณสามารถมีกิจกรรมร่วมกับเว็บไซต์ได้ แต่ต้องล็อกอินก่อน ::
  ล็อกอิน

รายการสื่อสารสนเทศ

ลำดับที่ ประเภท เลขเรียก/บาร์โค้ด สถานที่ สถานะ
1. หนังสือสำรอง
หนังสือสำรอง
WS100 ป361ก ล.2 ฉ.1 
  Barcode: 25788
ห้องสมุดวิทยาเขตสวรรค์ประชารักษ์
►หนังสือทั่วไป
บนชั้น
2. วิทยาศาสตร์การแพทย์ และสุขภาพ
วิทยาศาสตร์การแพทย์ และสุขภาพ
WS100 ป361ก ล.2 ฉ.2 
  Barcode: 25789
ห้องสมุดวิทยาเขตสวรรค์ประชารักษ์
►หนังสือทั่วไป
บนชั้น
3. วิทยาศาสตร์การแพทย์ และสุขภาพ
วิทยาศาสตร์การแพทย์ และสุขภาพ
WS100 ป361ก ล.2 ฉ.3 
  Barcode: 25790
ห้องสมุดวิทยาเขตสวรรค์ประชารักษ์
►หนังสือทั่วไป
บนชั้น
4. วิทยาศาสตร์การแพทย์ และสุขภาพ
วิทยาศาสตร์การแพทย์ และสุขภาพ
WS100 ป361ก ล.2 ฉ.4 
  Barcode: 25791
ห้องสมุดวิทยาเขตสวรรค์ประชารักษ์
►หนังสือทั่วไป
บนชั้น
5. วิทยาศาสตร์การแพทย์ และสุขภาพ
วิทยาศาสตร์การแพทย์ และสุขภาพ
WS100 ป361ก ล.2 ฉ.5 
  Barcode: 25792
ห้องสมุดวิทยาเขตสวรรค์ประชารักษ์
►หนังสือทั่วไป
บนชั้น

รายการใกล้เคียง
    หัวเรื่อง [กุมารเวชศาสตร์]

BibComment


ยังไม่เคยถูกคอมเมนท์

คอมเมนท์ทรัพยากรรายการนี้
  คอมเมนท์: กุมารเวชศาสตร์ เ..


 Copyright 2026. Bcnsprnw @Library